000 00869nam a2200241 i 4500
001 18625
003 ES-MaACL
005 20250909203459.0
007 t|
008 011030s2001 sp ||||1| spa d
020 _a84-8468-013-4
080 _a821.134.2 Gracián, Baltasar 1.06
080 _a340.12
100 1 _aGrande Yáñez, Miguel.
_959598
245 1 0 _aJusticia y ley natural en Baltasar Gracián
_b: una indagación sobre la fuente iusnaturalista del humanismo /
_cMiguel Grande Yáñez.
260 _aMadrid :
_bUniversidad Pontificia de Comillas,
_c2001.
300 _a410 p. ;
_c24 cm.
600 1 4 _aGracián, Baltasar,
_d1601-1658-
_xCrítica e interpretación
_959479
650 4 _aDerecho-
_xFilosofía
_911620
710 2 _aUniversidad Pontificia Comillas
_9173007
852 _aES-MaACL
_jL-25189
_bR.130624
999 _c18625
_d18625